000 01154naa a22003137a 4500
001 BR8601705
003 BR-BrBNA
005 20240918175646.0
007 ta
008 230509b bl.||||| |||| 00| 0 por d
040 _aBR-BrBNA
_bpor
_cBiblioteca Nacional de Agricultura
041 _a(Pt)
072 _aF06
_b3830
090 _aF06 BR8601705
100 1 _aAlmeida, D.L. de
100 1 _aSalek, R.C.
111 1 _a2. Encontro Brasileiro de Agricultura Alternativa
_cRio de Janeiro, RJ (Brazil)
_d1985
245 1 _aUtilizacao de fosfatos naturais
246 1 _a[The use of natural phosphates]
246 1 _a[Annals of the 2. Brazilian Meeting of Alternative Agriculture]
260 3 _aRio de Janeiro, RJ (Brasil):
_c1985.
500 _aAnais do 2. Encontro Brasileiro de Agricultura Alternativa Rio de Janeiro, RJ (Brasil): 1985. p. 191-195 (BR8601705-AM)F06
650 _aSOLO
650 _aCALAGEM
650 _aFOSFATO DE ROCHA
773 0 _tAnais do 2. Encontro Brasileiro de Agricultura Alternativa
_wF06 BR8601705
_gRio de Janeiro, RJ (Brasil), 1985. p. 191-195
909 _a202404
_bLucia
_c55
_dLucia Elande
942 _cAM
_2AGRIS
999 _c317642
_d317642